000 01245nam a22002657a 4500
005 20170124103203.0
010 _aB-081066
020 _c00.00
_a8176485284
035 _aB-081066
037 _bCen Lib/Ret
040 _aDPL
_bHN
082 _a363.9
_bजनस
245 _aजनसंख्या, पर्यावरण एवं विकास /
_cसंपादक दिनेश कुमार मिश्र
246 _aJansankhya, paryavaran evam vikas /
_bsampadak Dinesh Kumar Mishra
250 _a4th ed
260 _aनयी दिल्ली
_bए.पी.एच. पब्लिशर्स कारपोरेशन
_c2004
270 _bनयी दिल्ली
_a5, अंसारी रोड, दरियागंज
_e110002
300 _axxiv, 282पृ.
_c21सेमी (सजिल्द)
650 _aजनसंख्या वृद्धि
_91483
650 _aपर्यावरण और जनसंख्या वृद्धि
_982485
650 _aPopulation growth
_915363
650 _aEnvironmental and population growth
_992561
700 _aमिश्र, दिनेश कुमार
_992562
942 _2ddc
_cHN
_h363.9
_mजनस
999 _c120773
_d120773